Hughes v SOS for the Environment, Transport and the Regions and another (Record no. 62202)
[ view plain ]
| 000 -LEADER | |
|---|---|
| fixed length control field | 00905cam a2200181 4500 |
| 001 - CONTROL NUMBER | |
| control field | X103552 |
| 008 - FIXED-LENGTH DATA ELEMENTS--GENERAL INFORMATION | |
| fixed length control field | 000000n2000 000 0 eng u |
| 035 ## - SYSTEM CONTROL NUMBER | |
| System control number | (Sirsi) u103552 |
| 245 ## - TITLE STATEMENT | |
| Title | Hughes v SOS for the Environment, Transport and the Regions and another |
| 260 ## - PUBLICATION, DISTRIBUTION, ETC. | |
| Date of publication, distribution, etc. | 2000 |
| 490 ## - SERIES STATEMENT | |
| Series statement | Property and Compensation Reports |
| Volume/sequential designation | [1999] 78 P&CR 4 309 |
| 520 ## - SUMMARY, ETC. | |
| Summary, etc. | QBD 14 April 1999. Town and country planning. Abandonment of residential use. Planning application for replacement dwelling. Factors for consideration of abandonment of use. Intention of owner towards resumption of use. Whether intention determinative of concept of abandonment. TAKEN FROM JOURNAL HEADNOTE. |
| 650 ## - SUBJECT ADDED ENTRY--TOPICAL TERM | |
| Topical term or geographic name entry element | TOWN AND COUNTRY PLANNING |
| 650 ## - SUBJECT ADDED ENTRY--TOPICAL TERM | |
| Topical term or geographic name entry element | ABANDONMENT OF USE |
| 650 ## - SUBJECT ADDED ENTRY--TOPICAL TERM | |
| Topical term or geographic name entry element | HUGHES V SOS ENVIRONMENT, TRANSPORT AND THE REGIONS |
| 690 ## - LOCAL SUBJECT ADDED ENTRY--TOPICAL TERM (OCLC, RLIN) | |
| Topical term or geographic name as entry element | ENVIRONMENTAL AND LAND CONSULTANCY-PLANNING AND DEVELOPMENT |
| 942 ## - ADDED ENTRY ELEMENTS (KOHA) | |
| Suppress in OPAC | 0 |
| Withdrawn status | Lost status | Source of classification or shelving scheme | Damaged status | Not for loan | Home library | Current library | Shelving location | Date acquired | Total Checkouts | Full call number | Barcode | Date last seen | Copy number | Price effective from | Koha item type |
|---|---|---|---|---|---|---|---|---|---|---|---|---|---|---|---|
| Dewey Decimal Classification | London | London | Journal article | 13/01/2000 | X103552 | 103552-1001 | 06/08/2019 | 1 | 06/08/2019 | Law report |